Statistiques concernant Top 15 des pays avec les décès de Covid-19 - 29 septembre 2021

Cliquez ici pour prendre le quiz!

Statistiques générales

  • Ce quiz a été pris 19 fois
  • Le résultat moyen est 13 sur 25

Statistiques - réponses

pays% Correct
France
94%
Italie
94%
Etats-Unis
89%
Inde
83%
Mexique
83%
Russie
83%
Allemagne
78%
Brésil
78%
Argentine
72%
Royaume-Uni
72%
Belgique
67%
Colombie
67%
Pérou
67%
Iran
50%
Indonésie
33%
Afrique du Sud
28%
Paraguay
28%
Hongrie
22%
Bulgarie
17%
Bosnie-Herzégovine
11%
Slovaquie
11%
Slovénie
11%
Tchèquie
11%
Macédoine du Nord
6%
Géorgie
0%

Distribution des résultats

Percentile par nombre de réponses

% des personnes avec chaque résultat

Votre développement - résultats

Vous n’avez pas pris ce quiz